000 00419nam a22001697a 4500
003 MPLRDC
005 20220104181125.0
008 210129b ||||| |||| 00| 0 eng d
082 _a574.386 MARI
100 _aY. MANSOOR MARICAN, S. AHMAD HUSSEIN
245 _aINTEGRASI POLITIK
_c
250 _a初版
260 _a
_bDEWAN BAHASA DAND PUSTAKA
_c1979
300 _b
650 _a
942 _cBK
_o574.386 MARI
999 _c61280
_d61270